000 00834nam a22001697a 4500
999 _c61134
_d61134
005 20231221170421.0
008 231221s1980 ru ||||| |||| 00| 0 rus d
041 _arus
080 _a94(495)+930.2(495) Ч-72
100 _aЧичуров, И.С.
_920844
245 _aВизантийские исторические сочинения:
_b`Хронография` Феофана, `Бревиарий` Никифора. Тексты, перевод, комментарий /
_cИ.С. Чичуров.
264 _aМосква:
_bНаука,
_c1980.
300 _a216 с. ;
_b22 см.
653 _aბიზანტიური ისტორიული თხზულებანი
653 _aთეოფანეს ქრონოგრაფია, ნიკიფორეს კრებული
942 _2udc
_cBK